[Event "VIE-chT (Women)"]
[Site "Hanoi"]
[Date "2023.04.20"]
[Round "4"]
[White "Phan, Nguyen Ha Nhu"]
[Black "Le, Dang Bao Ngoc"]
[Result "1-0"]
[WhiteElo "1720"]
[BlackElo "1098"]
[PlyCount "83"]
[EventDate "2023.04.18"]
[EventType "swiss"]
[EventRounds "9"]
[EventCountry "VIE"]
[SourceTitle "EXT 2024"]
[Source "ChessBase"]
[SourceDate "2023.10.10"]
[SourceVersion "1"]
[SourceVersionDate "2023.10.10"]
[SourceQuality "1"]

1. d4 f5 2. Nf3 Nf6 3. c4 e6 4. Nc3 Bb4 5. Qb3 a5 6. a3 a4 7. Qc2 Bxc3+ 8. Qxc3 d6 9. g3 0-0 10. Bg2 Nbd7 11. Bg5 h6 12. Bxf6 Qxf6 13. 0-0 Re8 14. Rfd1 e5 15. dxe5 dxe5 16. e4 f4 17. Rd5 c6 18. Ra5 Rxa5 19. Qxa5 Qe6 20. Nd2 b5 21. cxb5 cxb5 22. Rc1 Qd6 23. Bf1 Ba6 24. Nf3 fxg3 25. hxg3 Rb8 26. Rc7 Nc5 27. Nh4 Rb6 28. Rxg7+ Kf8 29. Rg6 Ne6 30. Nf5 Qc5 31. Qd2 Bc8 32. Bh3 b4 33. Qxh6+ Ke8 34. Rg8+ Nf8 35. Rxf8+ Qxf8 36. Qxb6 Bxf5 37. Bxf5 Qe7 38. Qxb4 Qxb4 39. axb4 Kd8 40. g4 Kc7 41. g5 Kb6 42. Bd7 1-0

[Event "VIE-ch U13 Girls"]
[Site "Ho Chi Minh City"]
[Date "2022.07.12"]
[Round "3"]
[White "Le, Dang Bao Ngoc"]
[Black "Tran, Ha Gia Linh"]
[Result "1-0"]
[WhiteElo "2141"]
[BlackElo "2129"]
[PlyCount "69"]
[EventDate "2022.07.11"]
[EventType "swiss"]
[EventRounds "9"]
[EventCountry "VIE"]
[SourceTitle "EXT 2023"]
[Source "ChessBase"]
[SourceDate "2022.10.05"]
[SourceVersion "1"]
[SourceVersionDate "2022.10.05"]
[SourceQuality "1"]

1. d4 d5 2. Nf3 Nf6 3. e3 e6 4. Bd3 Nbd7 5. Nbd2 c5 6. c3 b6 7. 0-0 Be7 8. e4 dxe4 9. Nxe4 Bb7 10. Ng3 0-0 11. Be3 cxd4 12. Bxd4 Bc5 13. Bc2 Rc8 14. Bxc5 Nxc5 15. Nd4 Qd5 16. f3 Rfd8 17. Re1 h6 18. Qe2 Ba6 19. Qe3 Qd6 20. Ne4 Ncxe4 21. fxe4 Ng4 22. Qg3 Qxg3 23. hxg3 Rxd4 24. cxd4 Rxc2 25. d5 Rd2 26. Rad1 Rxd1 27. Rxd1 exd5 28. exd5 Kf8 29. d6 Ke8 30. Rd4 Nf6 31. Ra4 Bc8 32. Rxa7 Ne4 33. Re7+ Kd8 34. Rxe4 Kd7 35. Rd4 1-0

[Event "VIE-ch U13 Girls"]
[Site "Ho Chi Minh City"]
[Date "2022.07.11"]
[Round "1"]
[White "Le, Dang Bao Ngoc"]
[Black "Nguyen, Huynh Mai Hoa"]
[Result "1/2-1/2"]
[WhiteElo "2141"]
[BlackElo "2125"]
[PlyCount "118"]
[EventDate "2022.07.11"]
[EventType "swiss"]
[EventRounds "9"]
[EventCountry "VIE"]
[SourceTitle "EXT 2023"]
[Source "ChessBase"]
[SourceDate "2022.10.05"]
[SourceVersion "1"]
[SourceVersionDate "2022.10.05"]
[SourceQuality "1"]

1. d4 d5 2. Nf3 c5 3. c3 e6 4. e3 Nf6 5. Bd3 Bd6 6. Nbd2 0-0 7. 0-0 Nc6 8. Re1 e5 9. dxe5 Nxe5 10. Nxe5 Bxe5 11. h3 h6 12. Nf3 Bc7 13. b3 Be6 14. Qe2 Ne4 15. Bb2 Qd6 16. Red1 Ng5 17. Kf1 Nxf3 18. Qxf3 Rad8 19. c4 Kh8 20. Qh5 d4 21. Be4 Qb6 22. Qf3 Bxc4+ 23. Kg1 Be6 24. Bxb7 d3 25. Be4 c4 26. Bd4 Qd6 27. g3 f5 28. Bc6 Bb6 29. Bxb6 axb6 30. bxc4 Bxc4 31. Rd2 Rc8 32. Bb7 Rc7 33. a4 Qe7 34. Ba8 Qb4 35. Rdd1 d2 36. Bd5 Bd3 37. Bc6 Bc2 38. Rf1 d1Q 39. Raxd1 Bxd1 40. Rxd1 Qc5 41. Bb5 Qa3 42. Kg2 Rc1 43. Rxc1 Qxc1 44. Qd5 Qc7 45. Qe6 Qb7+ 46. Bc6 Qc8 47. Bd7 Qd8 48. Bb5 Rf6 49. Qe5 Qa8+ 50. Kg1 Qf3 51. Qe8+ Kh7 52. Bc4 h5 53. Bf7 g6 54. Qg8+ Kh6 55. h4 Rxf7 56. Qxf7 Qd1+ 57. Kg2 Qxa4 58. Qf8+ Kh7 59. Qf7+ Kh6 1/2-1/2

[Event "VIE-ch U13 Girls"]
[Site "Hanoi"]
[Date "2022.06.17"]
[Round "9"]
[White "Huynh, Phuc Minh Phuong"]
[Black "Le, Dang Bao Ngoc"]
[Result "0-1"]
[WhiteElo "2134"]
[BlackElo "2140"]
[PlyCount "72"]
[EventDate "2022.06.11"]
[EventType "swiss"]
[EventRounds "9"]
[EventCountry "VIE"]
[SourceTitle "EXT 2023"]
[Source "ChessBase"]
[SourceDate "2022.10.05"]
[SourceVersion "1"]
[SourceVersionDate "2022.10.05"]
[SourceQuality "1"]

1. e4 e6 2. d4 d5 3. exd5 exd5 4. Bd3 Nc6 5. c3 Bd6 6. h3 Nge7 7. Nf3 Be6 8. Bg5 h6 9. Be3 Qd7 10. Nbd2 a6 11. Nb3 b6 12. Qe2 a5 13. a4 Na7 14. Ba6 0-0 15. Ne5 Bxe5 16. dxe5 c5 17. c4 Qc6 18. Bb5 Nxb5 19. axb5 Qb7 20. cxd5 Qxd5 21. Nd2 Qxg2 22. 0-0-0 Qd5 23. Nf3 Qc4+ 24. Qxc4 Bxc4 25. Rd6 Bd5 26. Rg1 Bxf3 27. Bxh6 Nf5 28. Rf6 Nxh6 29. Rxf3 Rfe8 30. Rf6 Re6 31. Rxe6 fxe6 32. Rd1 Nf7 33. Rd7 Nxe5 34. Rd6 Rb8 35. h4 Nf3 36. Rxe6 Nd4 0-1

[Event "VIE-ch U13 Girls"]
[Site "Hanoi"]
[Date "2022.06.15"]
[Round "7"]
[White "Le, Dang Bao Ngoc"]
[Black "Nguyen, Bao Chau"]
[Result "1-0"]
[WhiteElo "2140"]
[BlackElo "2156"]
[PlyCount "77"]
[EventDate "2022.06.11"]
[EventType "swiss"]
[EventRounds "9"]
[EventCountry "VIE"]
[SourceTitle "EXT 2023"]
[Source "ChessBase"]
[SourceDate "2022.10.05"]
[SourceVersion "1"]
[SourceVersionDate "2022.10.05"]
[SourceQuality "1"]

1. d4 d5 2. Nf3 e6 3. e3 c5 4. c3 Nf6 5. Bd3 c4 6. Bc2 Bd6 7. Nbd2 Nc6 8. 0-0 b5 9. Re1 0-0 10. h3 Bb7 11. b3 Qc7 12. e4 cxb3 13. axb3 dxe4 14. Nxe4 Be7 15. Qd3 Nxe4 16. Qxe4 g6 17. Qd3 a6 18. Bh6 Rfd8 19. Rad1 Bf6 20. Qe3 Rd7 21. h4 b4 22. c4 Qd8 23. Bg5 Bxg5 24. hxg5 Qc7 25. Be4 Rad8 26. Rd3 Ne7 27. Ne5 Bxe4 28. Qxe4 Rd6 29. Ng4 Nf5 30. Nf6+ Kh8 31. d5 Rb6 32. Rh3 h6 33. Rxh6+ Kg7 34. Rh7+ Kf8 35. dxe6 Rd4 36. Rh8+ Ke7 37. Re8+ Kd6 38. Qe5+ Kc6 39. Qxc7+ 1-0

[Event "VIE-ch U11 Girls"]
[Site "Hanoi"]
[Date "2020.??.??"]
[Round "4"]
[White "Le, Dang Bao Ngoc"]
[Black "Nguyen, Bao Chau"]
[Result "1-0"]
[WhiteElo "1098"]
[BlackElo "1092"]
[PlyCount "115"]
[EventDate "2020.10.22"]
[EventType "tourn"]
[EventRounds "7"]
[EventCountry "VIE"]
[SourceTitle "EXT 2022"]
[Source "ChessBase"]
[SourceDate "2021.10.06"]
[SourceVersion "1"]
[SourceVersionDate "2021.10.06"]
[SourceQuality "1"]

1. d4 Nf6 2. Nf3 g6 3. Nbd2 d5 4. e3 Bg7 5. Bd3 Nbd7 6. 0-0 0-0 7. Re1 c5 8. c3 b6 9. e4 dxe4 10. Nxe4 cxd4 11. Nxd4 Bb7 12. Nxf6+ Nxf6 13. Bf4 Nd7 14. Nf3 Nc5 15. Bc4 Qxd1 16. Raxd1 e6 17. h3 Rfd8 18. Nd4 Na4 19. Rd2 Bd5 20. Bb5 Nc5 21. b3 a6 22. Bd3 Rd7 23. Bb1 Re8 24. Ne2 Red8 25. Red1 Bc6 26. Rxd7 Rxd7 27. Rxd7 Nxd7 28. Bd3 Nc5 29. Bc2 e5 30. Be3 Bb5 31. c4 Bc6 32. Nc3 Nd7 33. Nd5 Bxd5 34. cxd5 f5 35. Bd3 b5 36. a4 bxa4 37. bxa4 f4 38. Ba7 Bf6 39. Bxa6 Bd8 40. Bb5 Nf6 41. Bb8 Kf7 42. d6 Ke6 43. Bc7 Ne4 44. Bxd8 Kxd6 45. a5 Nc5 46. a6 Nxa6 47. Bxa6 Kd7 48. Ba5 Ke6 49. Kf1 g5 50. Ke2 h5 51. Kf3 Kf6 52. Ke4 g4 53. hxg4 hxg4 54. Bd8+ Kg6 55. Kxe5 f3 56. g3 Kh5 57. Kf5 Kh6 58. Kxg4 1-0

[Event "VIE-ch U11 Girls"]
[Site "Hanoi"]
[Date "2020.??.??"]
[Round "7"]
[White "Pham, Nguyen Ha Anh"]
[Black "Le, Dang Bao Ngoc"]
[Result "0-1"]
[WhiteElo "2244"]
[BlackElo "1098"]
[PlyCount "76"]
[EventDate "2020.10.22"]
[EventType "tourn"]
[EventRounds "7"]
[EventCountry "VIE"]
[SourceTitle "EXT 2022"]
[Source "ChessBase"]
[SourceDate "2021.10.06"]
[SourceVersion "1"]
[SourceVersionDate "2021.10.06"]
[SourceQuality "1"]

1. e4 e6 2. d4 d5 3. exd5 Qxd5 4. Nf3 Nf6 5. g3 Nc6 6. Bg2 Be7 7. 0-0 0-0 8. Nc3 Qd8 9. Bf4 Bb4 10. a3 Bxc3 11. bxc3 h6 12. c4 Re8 13. Ne5 Nxd4 14. Be3 Nf5 15. Nc6 Qxd1 16. Rfxd1 Rf8 17. Nxa7 Nxe3 18. Nxc8 Nxg2 19. Ne7+ Kh7 20. Rab1 Rfe8 21. Nd5 exd5 22. cxd5 b6 23. Kxg2 Rxa3 24. d6 cxd6 25. Rxd6 Rc3 26. Rc1 b5 27. Rd3 b4 28. Rxc3 bxc3 29. h3 Re2 30. Kf3 Rd2 31. Ke3 Nd5+ 32. Kf3 Nb4 33. Re1 Nxc2 34. Re7 Nd4+ 35. Kg4 c2 36. Rc7 Rxf2 37. h4 Rf6 38. h5 Nc6 0-1

[Event "VIE-ch (Women)"]
[Site "Ho Chi Minh City"]
[Date "2019.05.06"]
[Round "5"]
[White "Le, Dang Bao Ngoc"]
[Black "Nguyen, Thuy Linh"]
[Result "0-1"]
[WhiteElo "1088"]
[BlackElo "1442"]
[PlyCount "136"]
[EventDate "2019.05.02"]
[EventType "swiss"]
[EventRounds "9"]
[EventCountry "VIE"]
[SourceTitle "CBM 190 Extra"]
[Source "ChessBase"]
[SourceDate "2019.07.15"]
[SourceVersion "1"]
[SourceVersionDate "2019.07.15"]
[SourceQuality "1"]

1. d4 Nf6 2. Nf3 g6 3. Nbd2 Bg7 4. e4 d6 5. c4 0-0 6. Bd3 Nbd7 7. 0-0 e5 8. d5 Nc5 9. Bc2 a5 10. h3 b6 11. a3 Bd7 12. b3 Ne8 13. Rb1 Na6 14. b4 axb4 15. axb4 f5 16. Qe2 f4 17. Bd3 c5 18. b5 Nb4 19. Nb3 g5 20. Nh2 Qc8 21. f3 Rf6 22. Ng4 Rg6 23. Bd2 Nxd3 24. Qxd3 h5 25. Nh2 g4 26. fxg4 hxg4 27. hxg4 Bxg4 28. Kh1 Bd7 29. Bc3 Nf6 30. Nd2 Ng4 31. Nxg4 Rxg4 32. Nf3 Qe8 33. Nh2 Rh4 34. Be1 Rh6 35. Kg1 Qg6 36. Rf3 Ra2 37. Bf2 Qh5 38. Rh3 Bxh3 39. gxh3 Qxh3 40. Qxh3 Rxh3 41. Ng4 Rc3 42. Bh4 Kf7 43. Nf2 Rxc4 44. Kf1 Raa4 45. Nd3 Rxe4 46. Bd8 Red4 47. Nf2 Rdb4 48. Rxb4 Rxb4 49. Bxb6 Rxb5 50. Bc7 Ke7 51. Ne4 Rb4 52. Bxd6+ Kd7 53. Bxe5 Bxe5 54. Nxc5+ Kd6 55. Nd3 Rb1+ 56. Ke2 Kxd5 57. Nxf4+ Bxf4 58. Kf3 Kd4 59. Kxf4 Rf1+ 60. Kg5 Ke4 61. Kg6 Rf5 62. Kg7 Ke5 63. Kg6 Ke6 64. Kg7 Rf6 65. Kg8 Rf7 66. Kh8 Kf6 67. Kg8 Kg6 68. Kh8 Rf8# 0-1

[Event "VIE-ch (Women)"]
[Site "Ho Chi Minh City"]
[Date "2019.05.05"]
[Round "3"]
[White "Nguyen, Ha Khanh Linh"]
[Black "Le, Dang Bao Ngoc"]
[Result "1-0"]
[WhiteElo "1500"]
[BlackElo "1088"]
[PlyCount "83"]
[EventDate "2019.05.02"]
[EventType "swiss"]
[EventRounds "9"]
[EventCountry "VIE"]
[SourceTitle "CBM 190 Extra"]
[Source "ChessBase"]
[SourceDate "2019.07.15"]
[SourceVersion "1"]
[SourceVersionDate "2019.07.15"]
[SourceQuality "1"]

1. e4 e6 2. d4 d5 3. exd5 exd5 4. Bd3 Nc6 5. c3 Bd6 6. Be3 Be6 7. h3 Nge7 8. Nf3 h6 9. 0-0 Qd7 10. Re1 0-0-0 11. b4 Nb8 12. Ne5 Qe8 13. a4 f6 14. Nf3 Qd7 15. Na3 a6 16. Rb1 g5 17. c4 dxc4 18. Nxc4 g4 19. hxg4 Bxg4 20. Qc2 Nbc6 21. Nfd2 Rdg8 22. b5 axb5 23. axb5 Kd8 24. bxc6 bxc6 25. Rb8+ Nc8 26. Nxd6 cxd6 27. Bf4 h5 28. Kh2 h4 29. Nc4 Be6 30. Ne3 Rh5 31. Rc1 c5 32. dxc5 dxc5 33. Ba6 Bd5 34. Rxc8+ Qxc8 35. Bxc8 Kxc8 36. Qxc5+ Kd7 37. Qd6+ Ke8 38. Nxd5 Rxd5 39. Qxd5 Rxg2+ 40. Kxg2 Ke7 41. Rc7+ Ke8 42. Qg8# 1-0

[Event "VIE-ch (Women)"]
[Site "Ho Chi Minh City"]
[Date "2019.05.02"]
[Round "2"]
[White "Le, Dang Bao Ngoc"]
[Black "Le, Thai Nga"]
[Result "0-1"]
[WhiteElo "1088"]
[BlackElo "1865"]
[PlyCount "112"]
[EventDate "2019.05.02"]
[EventType "swiss"]
[EventRounds "9"]
[EventCountry "VIE"]
[SourceTitle "CBM 190 Extra"]
[Source "ChessBase"]
[SourceDate "2019.07.15"]
[SourceVersion "1"]
[SourceVersionDate "2019.07.15"]
[SourceQuality "1"]

1. d4 d5 2. Nf3 Nf6 3. Nbd2 e6 4. e3 c5 5. c3 Nc6 6. Bd3 b6 7. 0-0 Bb7 8. dxc5 Bxc5 9. Qe2 0-0 10. e4 a5 11. exd5 exd5 12. Nb3 h6 13. Nxc5 bxc5 14. Be3 d4 15. Bd2 Re8 16. Qd1 Qd5 17. Bb1 Ne5 18. cxd4 cxd4 19. a3 Nxf3+ 20. gxf3 Qxf3 21. Qxf3 Bxf3 22. Bd3 Ne4 23. Bf4 g5 24. Bg3 Ra7 25. a4 f5 26. h3 f4 27. Bh2 Nc5 28. Bb5 Ree7 29. Rac1 Re5 30. Rfe1 Rae7 31. Kf1 d3 32. Rxe5 Rxe5 33. Re1 Bg2+ 34. Kxg2 Rxe1 35. Bxd3 Nxd3 36. b3 Rb1 37. Bg1 Ne1+ 38. Kf1 Nf3+ 39. Ke2 Nxg1+ 40. Kd3 Rxb3+ 41. Kc4 Rb4+ 42. Kc3 Rxa4 43. Kb3 Nxh3 44. f3 Ra1 45. Kb2 Rf1 46. Ka3 Ng1 47. Ka4 h5 48. Kxa5 h4 49. Kb4 h3 50. Kc3 h2 51. Kd3 h1Q 52. Ke4 Qxf3+ 53. Kf5 Qd5+ 54. Kg4 Nf3 55. Kh3 Ne5 56. Kh2 Qh1# 0-1

[Event "VIE Cup (Women)"]
[Site "Bac Giang"]
[Date "2018.06.03"]
[Round "7"]
[White "Le, Dang Bao Ngoc"]
[Black "Bui, Kha Nhi"]
[Result "0-1"]
[WhiteElo "1028"]
[BlackElo "1462"]
[PlyCount "140"]
[EventDate "2018.05.30"]
[EventType "swiss"]
[EventRounds "9"]
[EventCountry "VIE"]
[SourceTitle "CBM 184 Extra"]
[Source "ChessBase"]
[SourceDate "2018.06.28"]
[SourceVersion "1"]
[SourceVersionDate "2018.06.28"]
[SourceQuality "1"]

1. d4 Nf6 2. Nf3 d6 3. Nbd2 g6 4. e4 Bg7 5. Bd3 0-0 6. c3 Re8 7. 0-0 e5 8. Re1 a6 9. a4 Nc6 10. Qb3 Nh5 11. Bc4 Na5 12. Bxf7+ Kf8 13. Qa2 Re7 14. Bd5 c6 15. Bc4 Nxc4 16. Nxc4 Be6 17. Bg5 Nf6 18. dxe5 dxe5 19. Nfxe5 Qc7 20. Nf3 Ree8 21. Qa3+ Kg8 22. Nd6 Rf8 23. Nd4 Bc8 24. e5 Ng4 25. e6 c5 26. Bf4 Rxf4 27. e7 Bd7 28. Qb3+ c4 29. Qa3 Be5 30. e8Q+ Bxe8 31. Nxe8 Rxe8 32. Nf3 Ref8 33. h3 Bd6 34. b4 Ne5 35. Qa2 Nxf3+ 36. gxf3 Rxf3 37. Qe2 Qc8 38. Qe6+ Qxe6 39. Rxe6 Bf4 40. Rae1 Bd2 41. R1e4 Rxc3 42. Re7 Rc1+ 43. Kg2 Rf7 44. Re8+ Kg7 45. b5 a5 46. Rc8 c3 47. b6 Rb1 48. Rec4 Re1 49. R4c5 Re6 50. Rxa5 Rxb6 51. Re5 Rbf6 52. Re2 b6 53. Ree8 Rf4 54. Kg1 Rxa4 55. Kg2 Rb7 56. Re5 b5 57. Rec5 Rb4 58. Kf1 Rb1+ 59. Ke2 b4 60. Kd3 b3 61. Ra8 Rc1 62. Ra3 b2 63. Rcxc3 Bxc3 64. Rxc3 Rxc3+ 65. Kxc3 b1Q 66. Kc4 Qd1 67. Kc5 Rc7+ 68. Kb6 Rc2 69. Kb5 Qb1+ 70. Ka6 Ra2# 0-1